000 00720nam a22002177a 4500
001 BD-DhSAU 5817
003 BD-DhSAU
005 20150424152049.0
008 150424b1993-uk ||||| |||| 001 0 eng d
020 _a085198806
040 _aBD-DhSAU
082 _222
_a307.1412
_bSOC
100 _a Dvorak, Karen Ann.
245 _aSocial science research for agricultural technology development :
_bspatial and temporal dimensions /
_cEdited by Karen Ann, Dvorak,..
260 _aWallingford :
_bCAB International ,
_c1993.
300 _axvi, 223 p.,
_bTable, figs. ;
_c24 cm .
504 _aIncludes index.
590 _aShahriar
650 _aAgricultural innovations -- Congresses.
650 _aAgricultural Extension.
942 _2ddc
_cBOOK
999 _c5817
_d5817